000 006120000a22001810004500
003 MACL
005 20160519134308.0
008 160519b xxu||||| |||| 00| 0 eng d
040 _aMACL
_cMACL
041 _aHindi
082 _a891.433
100 _aकुमार, जैनेन्‍द्र
_958192
245 _aफांसी तथा अन्‍य कहानियां
_cजैनेन्‍द्र कुमार
260 _bपूर्वोदय प्रकाशन
_c1993
_aदिल्‍ली
350 _a70
650 _aStory
_958193
942 _cHIN
_k891.433/KUM/S
_2ddc
999 _c20406
_d20406